| 000 | 01744nam a22002657a 4500 | ||
|---|---|---|---|
| 003 | Uzh_bibl | ||
| 008 | 260430b |||||||| |||| 00| 0 ukr d | ||
| 020 |
_a966-7492-06-0 _c43.63 |
||
| 040 | _bукр. | ||
| 041 |
_2ukr _aukr |
||
| 080 | _a340.12 | ||
| 090 |
_a340.12 _bЮ70 |
||
| 100 | _a- | ||
| 245 |
_aЮридична енциклопедія _cРедкол.Ю.С. Шемчушенко _hТекст |
||
| 260 |
_aКиїв _b"Українська енциклопедія" імені М.П.Бажана _c2004 |
||
| 300 |
_a768 с. _bіл. _fВ опр. |
||
| 490 | _vТ.6 | ||
| 520 | _aЮридична енциклопедія - перший в Україні багатотомний систематизований звіт знань про державу право. Заключний шостий, том містить 1525 статей 16 карт та ілюстрований матеріал. До тому включено "Доповнення" - комплекс статей 335 термінів, які з різних причин не увійшли до попередніх томів ЮЕ.Подано додатки, покажчик авторів енциклопедії, іменний покажчик, список основних скорочень. Пропонується також словник латинських юридичних виразів і термінів. | ||
| 521 | _aДля широкого кола читачів | ||
| 546 | _aукр. | ||
| 650 | _aНауково-довідкове видання | ||
| 653 |
_aВирази _aТерміни _aДержава _aПраво |
||
| 655 |
_aДовідкова література _vКарти _vСтатті |
||
| 942 |
_2udc _cBK |
||
| 999 |
_c17591 _d17591 |
||